000 00488nam a2200169Ia 4500
008 090124s9999 xx 000 0 und d
020 _a81-89724-74-6
082 _b47084
245 _a दर्यावर्दी कोलंबस
250 _a2
260 _c2007
300 _a148
630 _a दर्यावर्दी कोलंबस
700 _aकिणीकर रॉय
730 _a दर्यावर्दी कोलंबस
942 _cBOOK
999 _c113309
_d113309